El pequeño vampiro baila que te mueres / (Registro nro. 14961)

Detalles MARC
000 -LIDER
fixed length control field 01032nam a22003257a 4500
001 - NÚMERO DE CONTROL
Identificador de número de control 000585
003 - IDENTIFICACDOR DE NÚMERO DE CONTROL
control field DO-SdBPM
005 - DATE AND TIME OF LATEST TRANSACTION
control field 20250228121950.0
007 - CAMPOS FIJOS DE DESCRIPCIÓN FÍSICA
fixed length control field 000585
008 - ELEMENTOS DE LONGITUD FIJA
fixed length control field 161021b2002 sp a |||| 00| 0 spa d
020 ## - ISBN
International Standard Book Number 8420447153
040 ## - FUENTE DE CATALOGACIÓN
Agencia que crea de manera original el registro DO-SdBPM
Idioma de catalogación spa
Agencia que realiza la transcripción BPMSU
082 #4 - NÚMERO DE CLASIFICACIÓN DECIMAL DE DEWEY
Classification number 833.91
Item number S697p 2002
Edition number 22
100 1# - ASIENTO PRINCIPAL -- NOMBRE PERSONAL
Nombre personal Sommer-Bodenburg, Angela,
Fechas asociadas con el nombre 1948-
245 13 - MENCIÓN DE TITULO
Título El pequeño vampiro baila que te mueres /
Mención de responsabilidad Angela Sommer-Bodenburg ; ilustraciones de Amelie Glienke ; traducción Frank Schleper.
260 ## - PUBLICACIÓN, DISTRIBUCIÓN, ETC. (PIE DE IMPRENTA)
Lugar de publicación, distribución, etc Madrid :
Nombre del editor, distribuidor, etc. Santillana,
Fecha de publicación, distribución, etc 2002
300 ## - DESCRIPCIÓN FÍSICA
Extensión 157 p. :
Otros detalles físicos il. ;
Dimensiones 20 cm.
490 0# - MENCIÓN DE SERIES
Mención de serie Juvenil alfaguara,
Volume/sequential designation
500 ## - NOTA GENERAL
Nota general
500 ## - NOTA GENERAL
Nota general
500 ## - NOTA GENERAL
Nota general
534 ## - NOTA SOBRE LA VERSIÓN ORIGINAL
Frase introductoria Tìtulo original :
Mención del título original Der kleine Vampir in Jammertal
590 ## - NOTA LOCAL
Texto de la nota local Inventariado, 2025/VM
650 #4 - ENCABEZAMIENTO DE MATERIA--TEMÁTICO
Término temático o nombre geográfico como elemento de entrada Cuentos infantiles alemanes
650 #4 - ENCABEZAMIENTO DE MATERIA--TEMÁTICO
Término temático o nombre geográfico como elemento de entrada Vampiros
Subdivisión de forma Cuentos infantiles.
700 1# - ASIENTO SECUNDARIO -- NOMBRE PERSONAL
Nombre personal Schleper, Frank,
Mención de responsabilidad traductor
700 1# - ASIENTO SECUNDARIO -- NOMBRE PERSONAL
Nombre personal Glienke, Amelie,
Mención de responsabilidad il.
910 ## - VALIDACIÓN
Validación VMateo V. Control de calidad. BPMSU
942 ## - ADDED ENTRY ELEMENTS (KOHA)
Source of classification or shelving scheme Dewey Decimal Classification
Koha item type Libros
Existencias
Withdrawn status Lost status Source of classification or shelving scheme Damaged status Not for loan Collection code Home library Current library Date acquired Total Checkouts Full call number Barcode Date last seen Price effective from Koha item type Copy number
    Dewey Decimal Classification     Colección Juvenil General Biblioteca Pública Metropolitana Salomé Ureña Biblioteca Pública Metropolitana Salomé Ureña 02/28/2025   BPMSU CJG 833.91 S697p 2002 BPMSU25020062 02/28/2025 02/28/2025 Libros  
    Dewey Decimal Classification     Colección Juvenil General Biblioteca Pública Metropolitana Salomé Ureña Biblioteca Pública Metropolitana Salomé Ureña 02/28/2025   BPMSU CJG 833.91 S697p 2002 BPMSU25020063 02/28/2025 02/28/2025 Libros e.2
    Dewey Decimal Classification     Colección Juvenil General Biblioteca Pública Metropolitana Salomé Ureña Biblioteca Pública Metropolitana Salomé Ureña 02/28/2025   BPMSU CJG 833.91 S697p 2002 BPMSU25020064 02/28/2025 02/28/2025 Libros e.3